000 00539cam a22001932a 4500
001 026130
003 AR-FADEU
008 311216n1959####xxu####################dd
092 _a428.04
_bH157
100 _aHalbrich, J. O.
245 _aGonzalez in england : the story of a journey
260 _aBuenos Aires
260 _bToil and Chat
260 _c1959
300 _a238 p
500 _aFor travellers to britain and adult students of english
650 _aENSEƑANZA DE IDIOMAS-INGLES; INGLES PARA AVIAJEROS
942 _cBDGR
999 _c31813
_d31813